000 00599cam a22002173a 4500
001 45319
003 PGUSA
005 20140828084039.0
008 140405s2014||||xxu|||||s|||||000 | eng d
040 _aPGUSA
_beng
042 _adc
100 1 _aKusmin, Michail
245 1 0 _aTaten des großen Alexander
_h[electronic resource] /
_cMichail Kusmin
260 _bProject Gutenberg,
_c2014
506 _aPublic domain in the USA.
516 _aElectronic text
700 1 _aRubiner, Ludwig
830 0 _aProject Gutenberg
_v45319
856 4 0 _uhttp://www.gutenberg.org/ebooks/45319
942 _cEB
999 _c274570
_d274570